000 00358 a2200169 4500
001 72455
020 _a8570562780
040 _cAnchieta - Colégio São Paulo
100 _aSouza, Shirley
240 1 0 _aEstou triste
_lpor
245 1 0 _aEstou triste
300 _a54
362 0 _a2001
440 1 _aAtual
650 4 _aLiteratura infantil
942 _cBK
999 _c72455
_d72455